Life Is Strange 2 Characters - Statistics

General Stats
  • This quiz has been taken 635 times
    606 since last reset
  • The average score is 19 of 36
Answer Stats
Answer % Correct
Daniel Diaz
99%
Sean Diaz
99%
Finnegan McNamara
86%
Esteban Diaz
83%
Lucy 'Cassidy' Jones
83%
Karen Reynolds
78%
Lyla Park
78%
Christopher Eriksen
68%
Brody Holloway
66%
Baptist 'Penny' Mickael
65%
David Madsen
65%
Jacob Hackerman
62%
Claire Reynolds
60%
Hannah Reyome
59%
Stephen Reynolds
58%
Big Joe
56%
Mushroom
51%
Charles Eriksen
49%
Rev Lisbeth Fischer
49%
Hank Stamper
47%
Brett Vaughn Foster
46%
Jonathan Merrill
46%
Sarah Lee Hackerman
45%
Ingrid
43%
Joan Marcus
41%
Agent Maria Flores
38%
Joey Peterson
37%
Doris Stamper
36%
Anders
35%
Arthur Peterson
34%
Stanley Peterson
34%
Nicholas Durand
33%
Diego Morales
26%
Anton Gates
24%
Madison
23%
Carla Morales
22%
No matching quizzes found
Score Distribution
Percent of People with Each Score
Percentile by Number Answered
Your Score History
You have not taken this quiz since the last reset